00959nam a2200217 a 4500001001000000003000900010005001700019008004100036040002700077082001000104100002300114245006400137246006900201260009500270300002800365500003400393500013900427500007300566500007000639504003200709000008523DO-SdBNP20240305125836.0090917s2009 dr a 001 0 spa d aDO-SdBNPbspa cBNPHU  bC636m1 aClimé, Danilo P.10a1937 :ba cuchillos largos en el Caribe /cDanilo P. Clime.1 aMil novecientos treinta y sieteba cuchillos largos en el Caribe aSanto Domingo :bEdiciones del Instituto para el Estudio de la Conducta Política,c2009. a252 p. :bil. ;c22 cm. aIncluye índice onomástico aConsideraciones en torno a unas crueles matanzas. Breves reflexiones desde la perspectiva de una sociología de las ideas políticas aIncluye referencias bibliográficas y notas al pie de las páginas aIncluye datos biográficos del autor en la solapa de la cubierta aBibliografía : p. 241-252